| 000 | 00413cam a2200169ua 4500 | ||
|---|---|---|---|
| 041 |
_aeng _h |
||
| 082 |
_a028.7388 _bCAR/OX |
||
| 100 | _aCary, M . | ||
| 245 | 0 | 0 |
_aOxford classical dictionary / _cM Cary. _hTextual Documents |
| 250 |
_a1 / _b. |
||
| 260 |
_aLondon : _bOxford University Press , _c1964. |
||
| 300 | _a971 ; . | ||
| 504 | _a | ||
| 700 | 1 | _aNock, A D . | |
| 942 | _cBK | ||
| 999 |
_c10833 _d10833 |
||